| 000 | 00519nam a2200133Ia 4500 | ||
|---|---|---|---|
| 008 | 220620s9999||||xx |||||||||||||| ||und|| | ||
| 100 | _aFerrazzi, Matteo||Zwart, Sanne||Kalantzis, Fotios | ||
| 245 | 0 |
_aEIB Working Paper 2021/03 - Assessing climate change risks at the country level _bthe EIB scoring model |
|
| 546 | _aEnglish[eng] | ||
| 650 | _aBusiness & Economics||Finance | ||
| 700 | _aEuropean Investment Bank | ||
| 856 | _uhttps://library.oapen.org/bitstream/20.500.12657/50076/1/9789286150340.pdf | ||
| 942 | _cEB | ||
| 999 |
_c26390 _d26390 |
||